000 00282nam a22001337a 4500
008 181206b xxu||||| |||| 00| 0 eng d
020 _a9780803626836
041 _aeng
080 _a610
100 _a4
101 _ashm
245 _aMedical Language
_cHull.M
942 _2udc
_cBK
999 _c52957
_d52957